Alguns milagres e parábolas de Jesus contados às crianças (Record no. 45959)
[ view plain ]
| 000 -Etiqueta do registo | |
|---|---|
| Valores | 00609cam a22001931 4500 |
| 100 ## - Dados gerais de processamento | |
| Dados gerais | 19940112d1946 km y0pory5003 ba |
| 101 0# - Língua de publicação | |
| Língua | por |
| 102 ## - País de publicação | |
| País | PT |
| 200 1# - Titulo e menção de responsabilidade | |
| Título próprio | Alguns milagres e parábolas de Jesus contados às crianças |
| Primeira menção de responsabilidade | Oliveira Cabral |
| Outras menções de responsabilidade | il. Guida Roque Gameiro Ottolini |
| -- | 1 il. antónio carneiro |
| 210 #9 - Publicação | |
| Local de publicação | Lisboa |
| Nome do editor | Papelaria fernandes Livraria |
| Data de publicação | [19--?] |
| 215 ## - Descrição física | |
| Paginação / Volumes | 56, [1] p. |
| Outras indicações físicas | il. |
| Dimensões | 24 cm |
| 225 2# - Colecção | |
| Título próprio da colecção | Infantil |
| Indicação de volume | 1 |
| 675 ## - CDU | |
| Notação | 82-93 |
| 700 #1 - Autor principal | |
| Apelido | Cabral, |
| Nome | Oliveira, |
| Datas | 1890-1974 |
| 702 #1 - Autor secundário | |
| Apelido | Ottolini, |
| Nome | Guida, |
| Datas | 1915-1992 |
| Função | 440 |
| 801 #0 - Fonte de origem | |
| País | PT |
| Agência | BN |
| Regras de catalogação | RPC |
| 990 ## - Elementos KOHA | |
| Tipo de documento | Livro |
| Aquisição | Empréstimo | Código de barras | Cota | Permissão de empréstimo | Tipo de documento |
|---|---|---|---|---|---|
| Biblioteca Municipal de Redondo | Biblioteca Municipal de Redondo | 057141 | 82-93 CAB | Livro |